Statistiques concernant Quiz mathématique rapide, juste un petit quiz 5

Cliquez ici pour prendre le quiz!

Statistiques générales

  • Ce quiz a été pris 123 fois
  • Le résultat moyen est 17 sur 20

Statistiques - réponses

HintRéponse% Correct
2 x 9 =18
100%
4 : 2 =2
100%
10 : 5 =2
100%
50 : 10 =5
100%
111 + 111 =222
93%
45 + 45 =90
92%
126 + 27 =153
91%
56 + 56 =112
87%
8 x 8 =64
87%
99 : 3 =33
84%
151 - 98 =53
84%
220 : 4 =55
84%
183 x 2 =366
82%
78 - 39 =39
81%
18 x 7 =126
79%
12 x 12 =144
79%
13 x 13 =169
79%
13 x 15 =195
75%
13 x 17 =221
69%
555 : 3 =185
56%

Distribution des résultats

Percentile par nombre de réponses

% des personnes avec chaque résultat

Votre développement - résultats

Vous n’avez pas pris ce quiz